00346nam a2200145Ia 4500003000400000008004100004040001600045082001300061100001800074245003100092260003000123300001000153650001500163650002200178GCL140319s9999 xx 000 0 eng d aGCL / cGCL04a843bL C1 aCAMUS, ALBERT10aLA PESTE / cCAMUS, ALBERT a[S.N] : bFOLIO ، c1995 a278 P04aLITERATURE04aFRENCH LITERATURE